Hang in there, don't give up! (Record no. 12746)

000 -LEADER
fixed length control field 00545nam a2200193 a 4500
001 - CONTROL NUMBER
control field :::00010560$&:&@@
003 - CONTROL NUMBER IDENTIFIER
control field OkBaRHE
005 - DATE AND TIME OF LATEST TRANSACTION
control field 20000607103400.0
008 - FIXED-LENGTH DATA ELEMENTS--GENERAL INFORMATION
fixed length control field s1983 j 000 0 eng u
040 ## - CATALOGING SOURCE
Transcribing agency
100 1# - MAIN ENTRY--PERSONAL NAME
Personal name Popeshil, Bob.
245 10 - TITLE STATEMENT
Title Hang in there, don't give up!
260 ## - PUBLICATION, DISTRIBUTION, ETC. (IMPRINT)
Place of publication, distribution, etc Tulsa, OK., :
Name of publisher, distributor, etc Albury Press
Date of publication, distribution, etc c1983
300 ## - PHYSICAL DESCRIPTION
Extent 70 p. ;
Dimensions 18 cm.
650 ## - SUBJECT ADDED ENTRY--TOPICAL TERM
Topical term or geographic name as entry element Christian Life
650 ## - SUBJECT ADDED ENTRY--TOPICAL TERM
Topical term or geographic name as entry element Faith
942 ## - ADDED ENTRY ELEMENTS (KOHA)
Source of classification or shelving scheme
Koha item type Books
Copies
Withdrawn status Damaged status Copy number Permanent Location Date acquired Date last seen Full call number Koha item type Shelving location Barcode Lost status Price effective from Not for loan Source of classification or shelving scheme
  1RHEMA Bible Training College2010-04-142010-04-14BV 4501 .P6BooksGeneral Stacks10560 2010-04-14